000 00669nam a2200265Ia 4500
005 20260121172846.0
008 008 260114s9999 xx 000 0 eng d
020 _a9789811633577
037 _aEBOOK
040 _aCRL
040 _beng
040 _cCRL
041 _2eng
041 _aeng
084 _qCRL
100 _aM. Arif Wani, Bhiksha Raj, Feng Luo, Dejing Dou
_91093632
245 0 _aDeep Learning Applications, Volume 3
260 _bSpringer
260 _bSpringer
260 _c2022
856 _uhttps://link.springer.com/openurl?genre=book&isbn=978-981-16-3357-7
942 _cEBOOK
999 _c1659374
_d1659374